1397 1840 1454 1920 1613 1923 1871 1207 1498 1683 1968 1570 1988 1238 1201 1516 1067 1962 1022 1289 1462 1664 1158 1386 1335 1678 1160 1623 1684 1356 1596 1483 1227 1184 1326 1886 1685 1121 1420 1500 1578 1057 1424 1886 1542 1994 1114 1801 1922 1591 1458 1036 1025 1986 1667 1201 1663 1983 1940 1195 1110 1620 1665 1566 1406 1835 1634 1006 1029 1106 1477 1940 1567 1226 1790 1989 1611 1125 1029 1863 1849 1299 1568 1142 1297 1293 1556 1913 1154 1630 1561 1845 1226 1447 1661 1691 1007 1993 1294 BCNSPRNW ULIB Ver.6.0+V

เปลี่ยนเป็นภาษาไทย

Change to English
 แสดงรายละเอียดบรรณานุกรม
  กลับหน้าหลัก

Brief Record : Get Marc (ISO 2709) : E-mail record : QR code < ปิดหน้าต่าง
LEADER : 00000nam 2200000uu 4500
001    13399125918
003     ULIB
008    170928s2556||||th 000 0 tha d
020    ^a9789742533885
090    ^aนว.^bว111ม
100    ^aว.วินิจฉัยกุล
245    ^aเมืองโพล้เพล้ /^cว.วินิจฉัยกุล
260    ^aกรุงเทพฯ :^bอักษรโสภณ,^c2556
300    ^a503 หน้า
945    ^p0^l0^i003365
999    ^aประนอม เกษจรัล
รายการนี้ยังไม่มีแท็ก
คุณยังไม่ได้ล็อกอิน คุณสามารถมีกิจกรรมร่วมกับเว็บไซต์ได้ แต่ต้องล็อกอินก่อน ::
  ล็อกอิน

รายการสื่อสารสนเทศ

ลำดับที่ ประเภท เลขเรียก/บาร์โค้ด สถานที่ สถานะ
1. วิทยาศาสตร์การแพทย์ และสุขภาพ
วิทยาศาสตร์การแพทย์ และสุขภาพ
นว. ว111ม ฉ.1 
  Barcode: 003365
ห้องสมุดวิทยาเขตนครสวรรค์
►นวนิยาย:l:Fiction
บนชั้น

รายการใกล้เคียง
    ผู้แต่ง [ว.วินิจฉัยกุล]

BibComment


ยังไม่เคยถูกคอมเมนท์

คอมเมนท์ทรัพยากรรายการนี้
  คอมเมนท์: เมืองโพล้เพล้ ว..


 Copyright 2026. Bcnsprnw @Library